التحولات الاقتصادية في مصر اواخر العصور الوسطى، 857-923 ھ/1453-1517 م / al-Taḥawwulāt al-iqtiṣādīyah fī Miṣr awākhir al-ʻuṣūr al-wusṭá, 857-923 H/1453-1517 M

محفوظ في:

المؤلف الرئيسي: Muḥammad Fatḥī al-Zāmil.

التنسيق: كتاب

اللغة: Undetermined

منشور في: Al-Qāhirah : al-Majlis al-Aʻlá lil-Thaqāfah,, 2008.

الموضوعات:

الوسوم: إضافة وسم

لا توجد وسوم, كن أول من يضع وسما على هذه التسجيلة!

رقم الطلب: HC830 .Z255

LEADER 00732nam a2200181Ia 4500
008 240329s9999||||xx |||||||||||||| ||und||
020 |a 9789774378669 
050 4 |a HC830 .Z255 
100 1 |a Muḥammad Fatḥī al-Zāmil. 
245 1 0 |a التحولات الاقتصادية في مصر اواخر العصور الوسطى، 857-923 ھ/1453-1517 م / al-Taḥawwulāt al-iqtiṣādīyah fī Miṣr awākhir al-ʻuṣūr al-wusṭá, 857-923 H/1453-1517 M  |c Muḥammad Fatḥī al-Zāmil 
264 1 |a Al-Qāhirah :  |b al-Majlis al-Aʻlá lil-Thaqāfah,,  |c 2008. 
300 |a 371  |c 24 
650 |a 640-1517 
650 |a Economic history 
650 |a Egypt 
650 |a Egypt Economic conditions 640-1517 
942 |2 lcc  |c BK 
999 |c 57828  |d 57828